| 000 | 00361nam a2200145Ia 4500 | ||
|---|---|---|---|
| 008 | 150201s1995 xx 000 0 und d | ||
| 082 |
_a617.632 _bP1995B |
||
| 100 | _aBORKOVITZ,B.K.B | ||
| 245 | _aTHE PERIODONTOL LIGAMENT IN HEALTH & DISEASE | ||
| 250 | _a2ND | ||
| 260 |
_bMOSBY _aDELHI _c1995 |
||
| 300 | _a1-445 | ||
| 650 | _aPERIODONTICS | ||
| 942 |
_2ddc _cBK |
||
| 999 |
_c3876 _d3876 |
||